Hamburger SV - Torschützen 2010/11 - Statistiken

Allgemein
  • Dieses Quiz wurde 77 mal gespielt
  • Das Durchschnittsergebnis liegt bei 8 aus 14
Antwortstatistiken
Tore Spieler % Korrekt
11 Mladen Petrić
98%
2 Marcell Jansen
78%
7 Ruud van Nistelrooy
78%
2 Piotr Trochowski
71%
4 Paolo Guerrero
68%
2 Heiko Westermann
65%
2 Jonathan Pitroipa
57%
2 Joris Mathijsen
56%
2 Eljero Elia
54%
1 Zé Roberto
52%
3 Heung-Min Son
49%
2 Gojko Kačar
40%
3 Änis Ben-Hatira
35%
2 Eric Maxim Choupo-Moting
30%
Keine übereinstimmenden Quizze gefunden
Verteilung der Resultate
Anzahl Personen mit jedem Resultat
Perzentil nach korrekt beantworteten Fragen
Ihre Resultats-Entwicklung
Sie haben dieses Quiz noch nicht gespielt